| 000 | 00800nam a2200253 i 4500 | ||
|---|---|---|---|
| 001 | bgj | ||
| 100 | 1 | _aHeaton, John Brian. | |
| 245 | 1 | 0 |
_aClassroom testing / _cJ. B. Heaton. |
| 250 | _a[2nd impr.]. | ||
| 260 |
_aLondon ; New York : _bLongman, _c1990. |
||
| 300 |
_a127 pp : _bdraw. ; _c22 cm. |
||
| 490 | 1 | _aLongman keys to language teaching / [ed. by] Neville Grant | |
| 504 | _aBibliography p. 126. | ||
| 505 | _aIncl. index. | ||
| 650 | 9 |
_aEnglish language _xStudy and teaching _xForeign speakers |
|
| 650 | 9 |
_aEnglish language _xAbility testing |
|
| 830 | 0 | _aLongman keys to language teaching ([ed. by] Neville Grant) | |
| 020 | _a0582746256 (pbk) | ||
| 040 | _cBPK | ||
| 041 | 0 | _aeng | |
| 920 | _a0-582-74625-6 (pbk) | ||
| 942 | _cKS | ||
| 008 | s uk f |000 0 eng | ||
| 999 |
_c41429 _d41429 |
||
| 856 |
_uhttp://koha.tu.koszalin.pl/cgi-bin/koha/opac-detail.pl?biblionumber=41429 _yKatalog online BPK |
||